Less Fit to Print than Paris Hilton Quiz Stats

Quiz Updated Jun 1, 2017

Challenge
Share
Tweet
Embed
Score 0/79 Timer 12:00
1 Play Today
Mentions Country % Correct
1,017Chad
60.6%
1,048Niger
60%
138Andorra
59.9%
693Laos
59.1%
140Lesotho
58.4%
528Fiji
57%
865Madagascar
56.3%
896Mongolia
56.1%
943Estonia
56%
828Guinea
56%
468Togo
55.3%
369Liechtenstein
55%
363Turkmenistan
54.6%
1,143Lithuania
54.4%
617Guyana
54.4%
508Oman
54.3%
209Swaziland
53.8%
1,054Mali
53.7%
185San Marino
53.5%
124Suriname
52.9%
234Djibouti
51.6%
308Bhutan
51.4%
623Tajikistan
51%
977Azerbaijan
49.9%
137Dominica
49.5%
347Papua New Guinea
49.4%
147Seychelles
49.3%
511Eritrea
49.2%
768Kyrgyzstan
49.1%
58Saint Kitts and Nevis
49.1%
514Belize
49%
281Central African Republic
49%
582Malta
48.6%
692Trinidad and Tobago
47.6%
877Paraguay
47.5%
820Zambia
47.1%
639Namibia
47%
394Benin
46.4%
113Guinea-Bissau
46.4%
766Armenia
46.2%
Mentions Country % Correct
404Moldova
45.8%
274Mauritania
45.7%
214Equatorial Guinea
45.5%
228The Gambia
45.2%
136Marshall Islands
44.5%
665Botswana
44.2%
238Maldives
44.2%
293Samoa
44%
86Vanuatu
43.9%
63Tuvalu
43.9%
499Malawi
43.2%
986Macedonia
43.1%
906Cameroon
43%
817Mozambique
43%
287Mauritius
43%
934Tunisia
43%
155Tonga
42.9%
87Nauru
42.8%
815Albania
42.8%
126Micronesia
42.7%
529Burundi
42.7%
686Barbados
42.6%
335Gabon
42.6%
182Palau
42.1%
62Comoros
41.9%
249Brunei
41.8%
141Republic of the Congo
41.6%
48Saint Vincent and the Grenadines
41.6%
268Saint Lucia
41.5%
1,007 Bahrain
41.2%
111Solomon Islands
41%
680Timor-Leste
40.9%
404Grenada
40.8%
393Burkina Faso
40.7%
934Montenegro
40.6%
44Kiribati
40.6%
180Cabo Verde
39.7%
33São Tomé and Príncipe
39.4%
56Antigua and Barbuda
38%

You're not logged in!

Compare scores with friends on all Sporcle quizzes.
Sign Up with Email
OR
Log In

You Might Also Like...

Show Comments

Extras

Top Quizzes Today


Score Distribution

Your Account Isn't Verified!

In order to create a playlist on Sporcle, you need to verify the email address you used during registration. Go to your Sporcle Settings to finish the process.